Turkish Airlines current,future and former fleet - Statistics

General Stats
  • This quiz has been taken 30 times
  • The average score is 19 of 43
Answer Stats
In Service Orders Aircraft Years in Service % Correct
0 0 Boeing 737-400 1991-2013
100%
0 0 Boeing 737-500 1992-2014
100%
40 0 Boeing 737-800 1998-Present
100%
12 0 Airbus A330-200 2004-Present
96%
37 0 Airbus A330-300 2010-Present
96%
0 15 Airbus A350-1000 TBA
92%
26 64 Airbus A350-900 2020-Present
92%
18 0 Airbus A320-200 2004-Present
88%
23 7 Boeing 787-9 2019-Present
88%
66 0 Airbus A321-200 2004-Present
83%
6 0 Airbus A319-100 2006-Present
71%
56 190 Airbus A321 Neo 2018-Present
67%
0 0 Airbus A340-300 1993-2019
67%
34 0 Boeing 777-300ER 2008-Present
63%
0 0 Boeing 707 1971-1990
54%
0 0 Boeing 727 1974-1996
54%
20 0 Boeing 737-8 Max 2021-Present
54%
5 0 Boeing 737-9 Max 2019-Present
54%
0 0 Douglas DC-3 1945-1967
54%
0 0 Douglas DC-7 1967-1969
54%
0 0 Airbus A310-300 1985-2015
50%
0 0 Douglas DC-9-10 1967-1973
46%
0 0 Douglas DC-9-30 1968-1995
46%
15 0 Boeing 737-900ER 2012-Present
42%
0 0 McDonnel Douglas DC-10-10 1972-1989
42%
0 0 Douglas C-47 1945-1967
33%
0 0 Junkers F 13 1933-1935
25%
8 4 Boeing 777F 2017-Present
21%
10 0 Airbus A330-200F 2010-Present
13%
0 5 Airbus A350F TBA
13%
0 0 Avro RJ100 1993-2006
13%
0 0 Avro RJ70 1995-2006
8%
0 0 Curtiss Kingbird 1933-1935
8%
0 0 Vickers Viscount 1958-1971
8%
0 0 De Havilland Canada Dash 7 1983-1986
4%
0 0 De Havilland Dominie 1943-1946
4%
0 0 De Havilland Express 1936-1946
4%
0 0 De Havilland Heron 1955-1959
4%
0 0 Junkers JU 52 1944-1946
4%
0 0 Tupolev ANT-9 1933-1935
4%
0 0 De Havilland Dragon Rapide 1936-1946
0%
0 0 Fokker F27 Friendship 1960-1973
0%
0 0 Fokker F28 Fellowship 1972-1987
0%
No matching quizzes found
Score Distribution
Percent of People with Each Score
Percentile by Number Answered
Your Score History
You have not taken this quiz